Couleur Noire - Statistiques

Statistiques générales
  • Ce quiz a été pris 35 fois
  • Le résultat moyen est 8 sur 15
Statistiques - réponses
Question Réponse % Correct
C'est l'une des premières organisations indépendantes de protection de l'environnement dans le monde. Son logo représente un panda, il est alors noir et blanc. De quelle organisation s'agit-il ? WWF
91%
Nom d'une série populaire chez les adolescents, dans laquelle le personnage principal, Mademoiselle Addams, de style gothique et donc vêtue de noir, enquête sur de sombres mystères à l'Académie "Nevermore". Mercredi
84%
En français, il s'agit d'un mot péjoratif et d'une injure raciste, mais en espagnol, cela est simplement la traduction de la couleur "noire". Comment dit-on noir en espagnol ? Negro
81%
Ce pigment est responsable de la couleur de peau foncée, dite "noire". Les personnes noires en produisent davantage tandis que les personnes blanches, moins. Quel est le nom de ce pigment ? Mélanine
69%
Dans le tableau périodique, un élément a pour symbole chimique "N", comme la première lettre du mot "Noir". Lequel ? Azote
59%
Qu'est ce qu'on "fait au noir" lorsque l'on est déprimé selon une expression française populaire datée du XVIIIe siècle ? "Broyer" du noir
59%
Le drapeau national de ce pays du Maghreb contient environ 50% de noir. Lequel ? Libye
56%
Fruit de couleur noire originaire des montagnes du Caucase en Asie mineure (Anatolie). Celui-ci a fait partie du quotidien alimentaire des chasseurs-cueilleurs du Néolithique. Il faudra attendre le XVe siècle pour qu'il soit davantage consommé en France (sur le bassin méditerranéen). Mûre
56%
Département français métropolitain commençant par "No", comme "noir". Nord
47%
Il a chanté "noir c'est noir". Johnny Hallyday
44%
Édifice le plus sacré de l'islam. Il est recouvert d'une étoffe de soie noire appelée "la kiswa". Quel est son nom ? Kabaa
44%
Dans ce dessin animé créé par Michel Oslo en 1998, le personnage principal est de couleur noire. Qui est-ce ? Kirikou
31%
La couleur noire est associée à ce cancer pour en représenter la lutte (ruban). Il s'agit d'un cancer de la peau développé à partir de mélanocytes (cellules). Quel est son nom ? Mélanome
31%
Quartier résidentiel situé au sud-est de la ville de Biarritz. Il aurait porté un certain nom en lien avec la couleur de peau d'une femme noire. Il a été renommé récemment car ce nom posait problème. Quel était le nom de ce quartier ? La Négresse
28%
Dans ce pays d'Asie, environ 90.51% de la population a les yeux marrons/noirs. Lequel ? Ouzbékistan
13%
Aucun quiz correspondant
Distribution des résultats
% des personnes avec chaque résultat
Percentile par nombre de réponses
Votre historique - résultats
Vous n’avez pas pris ce quiz